| 000 | 00713cab a2200205 4500 | ||
|---|---|---|---|
| 001 | WB3246-13 | ||
| 008 | 090401t1996 xxu||||| |||| 00| 0 eng d | ||
| 035 | _a(Sirsi) u64298 | ||
| 041 | _aeng | ||
| 245 | _aRICS School environment competition | ||
| 260 | _c1996 | ||
| 350 | _a0 | ||
| 490 |
_aRICS Press Release _v(PR136s/96CORP) 27 November 1996, (2) |
||
| 520 | _aThe RICS is offering a Schools Award of £500 worth of equipment as part of its RICS Awards Scheme designed at recognising achievements in conserving and enhancing the environment. | ||
| 650 | _aABOUT RICS-RICS AWARDS | ||
| 650 | _aRICS SCHOOLS AWARD | ||
| 690 | _aENVIRONMENTAL AND LAND CONSULTANCY | ||
| 942 | _n0 | ||
| 948 | _c04/03/1997 | ||
| 999 |
_c40039 _d40039 |
||